000 00522nab a2200145Ia 4500
003 ES-SlBCS
005 20220627153432.0
008 140529s2003 xxu||||| |||| 00| 0 spa d
041 _aspa
100 1 _aGarcia Jalón de la Lama, Santiago
_93088
245 0 0 _aUso referencial del significado y actualización de la comunicación lingüística
_c Santiago García-Jalón De La Lama
650 0 4 _aComunicación Lingüística
_9174555
773 0 _tSalmanticensis
_gvol. 50, nº. 2, 2003, págs. 185-199
_wRev409
942 _cAR
999 _c732545
_d732545